Il Concilio Vaticano II.

Spremljeno u:
Bibliografski detalji
Glavni autor: Chenaux, Philippe (autore)
Format: Knjiga
Izdano: Roma, Italia: Carocci, 2012.
Izdanje:1ª edizione.
Serija:Quality Paperbacks
Teme:
Oznake: Dodaj oznaku
Bez oznaka, Budi prvi tko označuje ovaj zapis!

MARC

LEADER 00000cam a2200000 a 4500
001 UCC2345
003 CL-VaPUC
005 20250106155456.0
008 230526t2012 ||||| |||| 00| 0 eng d
999 |c 440973  |d 440971 
020 |a 978-88-430-6514-1 
040 |c Pontificia Universidad Católica de Valparaíso 
082 0 4 |2 21  |a 262.5 CHE 2012 
100 1 |a Chenaux, Philippe  |e autore  |9 596466 
245 1 3 |a Il Concilio Vaticano II. 
250 |a 1ª edizione. 
260 |a Roma, Italia:  |b Carocci,  |c 2012. 
300 |a 189 páginas. 
490 0 |a Quality Paperbacks  |n  387. 
500 |a c.1. Donación Prof. Carlos Salinas. Memo DER 004/2023 
583 |k CA  |c 20230526 
650 1 0 |a Concilio Vaticano II  |x Iglesia Católica   |9 258399 
650 1 |a Historia de la Iglesia  |y Siglo 20  |9 882760 
942 |c BK  |2 ddc 
952 |0 0  |1 0  |2 ddc  |4 0  |6 262_500000000000000_CHE_2012  |7 0  |8 DER_HDC  |9 590220  |a BIBDER  |b BIBDER  |d 2023-05-26  |e Donación  |i 5657575  |o 262.5 CHE 2012  |p 5657575  |r 2023-05-26  |t 1  |w 2023-05-26  |x Ubicación 4to Piso  |y BK  |z Estos recursos deben solicitarse con anticipación  |k DER